|
|
|
|
| LEADER |
00801pam a22002418a 4500 |
| 001 |
00024963 |
| 005 |
20171026081022.0 |
| 008 |
110726s1978 ||||||viesd |
| 041 |
0 |
# |
|a vie
|
| 082 |
1 |
4 |
|b Đ561Q
|a 895.922 33
|
| 245 |
0 |
0 |
|a Đường qua mùa hoa đào
|b Tập truyện ký
|c Hoàng Hạc...[và nh.ng.khác]
|
| 260 |
# |
# |
|a H.
|b Văn hóa dân tộc
|c 1978
|
| 300 |
# |
# |
|a 146tr.
|c 1978
|
| 650 |
# |
4 |
|a Ký
|
| 650 |
# |
4 |
|a Truyện
|
| 650 |
# |
4 |
|a Văn học hiện đại
|
| 650 |
# |
4 |
|a Việt Nam
|
| 700 |
1 |
# |
|a Huy Hùng
|
| 852 |
# |
# |
|b Kho mượn
|j KM.0007558, KM.0007557
|
| 852 |
# |
# |
|j KM.0007557
|j KD.0010344
|j KM.0007558
|
| 852 |
# |
# |
|b Kho đọc
|j KD.0010344
|
| 910 |
|
|
|d 26/07/2011
|
| 980 |
# |
# |
|a Trung tâm Học liệu Lê Vũ Hùng, Trường Đại học Đồng Tháp
|